000
00323nam a22001457a 4500
008
221014b ||||| |||| 00| 0 eng d
020
_a
9780721660547
041
_a
eng
080
_a
616.8
082
_a
616.8
100
_a
12
101
_a
KAN
245
_a
MRI-ARTHROSCOPY CORRELATIVE ATLAS
_c
MILLER
942
_2
udc
_c
BK
999
_c
58559
_d
58559